Normal view MARC view
  • Fabela, Isidro,

Entry Nombre Personal

Number of records used in: 2

001 - NUMERO DE CONTROL

  • campo de control: 28511

003 - IDENTIFICADOR DE NUMERO DE CONTROL

  • campo de control: UPN

005 - FECHA Y HORA DE LA ÜLTIMA TRANSACCIÓN

  • campo de control: 20240912091931.0

008 - DATOS DE LONGITUD FIJA

  • campo de control de longitud fija: nabaccnnaabn|||||||||| b |nc|||||d

035 ## - NUMERO DE CONTROL

  • Número de control: UPN11000000617

040 ## - FUENTE DE CATALOGACIÓN

  • Lenguaje de catalogación: SPA
  • Agencia de transcripción: UPN

053 #4 - NÚMERO DE CLASIFICACIÓN LC

  • Número de clasificación elemento-número único o número inicial de tramo: PQ7297 F2.2

100 1# - ENCABEZAMIENTO - NOMBRE PERSONAL

  • Nombre personal: Fabela, Isidro,
  • Fechas asociadas con el nombre: 1882-1964

400 1# - VEÁSE - NOMBRE DE PERSONA

  • Personal name: Fabela Alfaro, Isidro,
  • Dates associated with a name: 1882-1964

670 ## - FUENTE EN LA QUE SE LOCALIZARON DATOS

  • Cita de la fuente: T
  • Información localizada: Diccionario Porrúa de historia, biografía y geografía de México

680 ## - NOTA PUBLICA DE ACCESO PÚBLICO

  • Frase explicativa de la referencia: Maestro y escritor mexicano

902 ## - CATALOGADOR

  • Catalogador: DAA/081107